Statistiken für Stadien der Schweiz

Klicken Sie hier um das Quiz zu spielen!

Allgemein

  • Dieses Quiz wurde 74 mal gespielt
  • Das Durchschnittsergebnis liegt bei 11 aus 16

Antwortstatistiken

HintAntwort% Korrekt
LetzigrundFC Zürich/Grasshopper Club Zürich
99%
Stade de la GeneveServette FC
93%
St. Jakob-ParkFC Basel
90%
Stadion WankdorfYoung Boys Bern
88%
KybunparkFC St. Gallen
78%
Swissporarena (Allmend)FC Luzern
75%
Stockhorn ArenaFC Thun
72%
Stadion BrügglifeldFC Aarau
70%
Stadio di CornaredoFC Lugano
70%
Stade de TourbillonFC Sion
70%
Stadion SchützenwieseFC Winterthur
64%
Stade de la TuilièreFC Lausanne
58%
Stade de la MaladièreNeuchâtel Xamax
52%
Wefox ArenaFC Schaffhausen
46%
Stade Olympique de la PontaiseFC Stade Lausanne Ouchy
37%
Stade de la CharrièreFC La Chaux-de-Fonds
19%

Verteilung der Resultate

Perzentil nach korrekt beantworteten Fragen

Anzahl Personen mit jedem Resultat

Ihre Resultats-Entwicklung

Sie haben dieses Quiz noch nicht gespielt